00427 2200157 4500001002100000005001500021008004100036035001900077041000700096082000800103090000800111245004600119260005400165300001800219650003200237INLIS00000000001177320241224114237241224||||||||| | ||| |||| || |  0010-1224011773 aid0 a133 a13300aBidang Studi Bahasa Indonesia SD Kelas VI aJakartabDeparmen Pendidikan dan Kebudayaanc1983 a50hlm;15x21cm 0aIlmu Filsafat dan Psikologi